| 000 | 01168nam0a2200313 4500 | ||
|---|---|---|---|
| 001 | RU\NLR\ONL2\5997 | ||
| 005 | 20250613125844.0 | ||
| 010 |
_a5-09-009100-5 _9280 _z5-09-9100-5 |
||
| 035 | _a(NLR Aleph) 009653594 | ||
| 090 |
_a9580644 _c9580644 |
||
| 100 | _a20061016d2006 |||y0rusy50 ca | ||
| 101 | 0 | _ayur | |
| 102 | _aRU | ||
| 105 | _aa ||||||||| | ||
| 200 | 1 |
_aНенецкая литература _eучеб.-хрестоматия для 9 кл. общеобразоват. учреждений _fЕ. Г. Сусой |
|
| 205 |
_a2-е изд. _bстереотип. |
||
| 210 |
_aСПб. _cПросвещение. Фил. _d2006 |
||
| 215 |
_a157,[2] c. _cцв. ил. _d21 |
||
| 300 | _aЗагл. обл.: Ненэцие" литература 9 | ||
| 512 | 1 | _aНенэцие" литература 9 | |
| 606 | 0 |
_aНенецкая советская литература _92197903 _3RU\NLR\auth\661320902 |
|
| 686 | 1 | _aШ5(2=Нен)я7 | |
| 700 | 1 |
_aСусой _bЕ. Г. _gЕлена Григорьевна _4070 |
|
| 801 | 0 |
_aRU _bNLR _c20061016 _gPSBO |
|
| 852 |
_aNLR _bОНЛ _jНенец./3-172 |
||
| 942 | _cBOOK | ||
| 980 | _aNB | ||
| 980 | _aONL_RF | ||